Grand Prix motorcycle racing champions - Statistics

General Stats
  • This quiz has been taken 52 times
  • The average score is 73 of 299
Answer Stats
Year Country MotoGP/500cc % Correct
1997 | 1999 | 2001 | +6 others Italy Valentino Rossi
98%
2014 | 2019 Spain Álex Márquez
83%
2010 | 2012 | 2013 | +6 others Spain Marc Márquez
83%
2007 | 2011 Australia Casey Stoner
67%
2006 | 2007 | 2010 | +2 others Spain Jorge Lorenzo
67%
2021 France Fabio Quartararo
59%
2018 | 2022 | 2023 Italy Francesco Bagnaia
57%
2006 United States Nicky Hayden
54%
2018 | 2024 Spain Jorge Martín
52%
1994 | 1995 | 1996 | +2 others Australia Mick Doohan
52%
1956 | 1958 | 1959 | 1960 United Kingdom John Surtees
48%
1966 | 1967 | 1968 | +7 others Italy Giacomo Agostini
46%
2017 | 2020 Spain Joan Mir
46%
1978 | 1979 | 1980 United States Kenny Roberts
43%
2000 United States Kenny Roberts Jr.
43%
1961 | 1962 | 1963 | +4 others United Kingdom Mike Hailwood
37%
1989 | 1999 Spain Àlex Crivillé
35%
2003 | 2004 | 2005 Spain Dani Pedrosa
35%
1990 | 1991 | 1992 United States Wayne Rainey
35%
1990 | 1991 | 1998 Italy Loris Capirossi
30%
1969 | 1970 | 1971 | +9 others Spain Ángel Nieto
28%
1993 United States Kevin Schwantz
28%
2021 Australia Remy Gardner
28%
1987 Australia Wayne Gardner
28%
1994 | 1995 | 1996 | 1997 Italy Max Biaggi
26%
2021 | 2023 Spain Pedro Acosta
26%
1984 | 1986 | 1988 | 1989 United States Eddie Lawson
22%
1983 | 1985 United States Freddie Spencer
22%
2009 Spain Julián Simón
22%
2008 Italy Marco Simoncelli
22%
2025 Brazil Diogo Moreira
20%
2017 Italy Franco Morbidelli
20%
2015 | 2016 France Johann Zarco
20%
2010 Spain Toni Elías
20%
2022 Spain Augusto Fernández
17%
1976 | 1977 United Kingdom Barry Sheene
17%
2016 South Africa Brad Binder
17%
2024 Colombia David Alonso
17%
2020 Italy Enea Bastianini
17%
1982 Italy Franco Uncini
17%
1981 Italy Marco Lucchinelli
17%
2002 Italy Marco Melandri
17%
2013 Spain Maverick Viñales
17%
1964 | 1965 | 1968 | +3 others United Kingdom Phil Read
17%
2024 Japan Ai Ogura
15%
2004 Italy Andrea Dovizioso
15%
2001 Japan Daijiro Kato
15%
2015 United Kingdom Danny Kent
15%
1951 | 1952 | 1953 | +2 others United Kingdom Geoff Duke
15%
1949 United Kingdom Leslie Graham
15%
2013 Spain Pol Espargaró
15%
2011 Germany Stefan Bradl
15%
2014 Spain Tito Rabat
15%
2006 Spain Álvaro Bautista
13%
2009 Japan Hiroshi Aoyama
13%
1986 | 1987 | 1988 Spain Jorge Martínez
13%
2019 Italy Lorenzo Dalla Porta
13%
1979 France Patrick Pons
13%
1988 | 1989 Spain Sito Pons
13%
1950 | 1952 Italy Umberto Masetti
13%
2020 Spain Albert Arenas
11%
1995 | 1996 Japan Haruchika Aoki
11%
2022 Spain Izan Guevara
11%
2023 Spain Jaume Masià
11%
2025 Spain José Antonio Rueda
11%
1957 Italy Libero Liberati
11%
1986 | 1991 | 1992 Italy Luca Cadalora
11%
2011 Spain Nicolás Terol
11%
2012 Germany Sandro Cortese
11%
1993 Japan Tetsuya Harada
11%
1951 | 1955 | 1956 | +3 others Italy Carlo Ubbiali
9%
2007 Hungary Gábor Talmácsi
9%
1961 Rhodesia Gary Hocking
9%
1955 Germany Hermann Paul Müller
9%
1990 United States John Kocinski
9%
1975 | 1978 Venezuela Johnny Cecotto
9%
2001 | 2003 San Marino Manuel Poggiali
9%
2000 France Olivier Jacque
9%
2005 Switzerland Thomas Lüthi
9%
1974 | 1975 | 1976 Italy Walter Villa
9%
2025 Italy Alessandro Zaccone
7%
1980 | 1981 | 1982 | 1987 Germany Anton Mang
7%
1967 United Kingdom Bill Ivy
7%
1983 | 1986 Venezuela Carlos Lavado
7%
1984 France Christian Sarron
7%
1970 | 1973 Germany Dieter Braun
7%
1972 Finland Jarno Saarinen
7%
1982 France Jean-Louis Tournadre
7%
1962 | 1963 | 1964 | 1965 Rhodesia Jim Redman
7%
1980 South Africa Jon Ekerold
7%
1969 Australia Kel Carruthers
7%
1978 | 1979 South Africa Kork Ballington
7%
1962 | 1964 | 1966 Switzerland Luigi Taveri
7%
1970 United Kingdom Rodney Gould
7%
1977 United States Steve Baker
7%
1977 Japan Takazumi Katayama
7%
1957 | 1958 Italy Tarquinio Provini
7%
2002 France Arnaud Vincent
4%
1950 United Kingdom Bob Foster
4%
1969 United Kingdom Dave Simmonds
4%
1993 Germany Dirk Raudies
4%
1999 Spain Emilio Alzamora
4%
1952 Italy Enrico Lorenzetti
4%
1978 | 1979 | 1980 Italy Eugenio Lazzarini
4%
1953 | 1954 United Kingdom Fergus Anderson
4%
1949 United Kingdom Freddie Frith
4%
1966 | 1967 | 1968 Germany Hans-Georg Anscheidt
4%
2024 Spain Héctor Garzó
4%
1974 Netherlands Henk van Kessel
4%
1963 | 1964 | 1965 New Zealand Hugh Anderson
4%
1971 | 1973 Netherlands Jan de Vries
4%
1994 | 1998 Japan Kazuto Sakata
4%
1973 | 1974 Sweden Kent Andersson
4%
1989 Spain Manuel Herreros
4%
1977 Italy Mario Lega
4%
2023 Italy Mattia Casadei
4%
2008 France Mike Di Meglio
4%
1949 Italy Nello Pagani
4%
1975 Italy Paolo Pileri
4%
1976 | 1977 | 1980 Italy Pier Paolo Bianchi
4%
1965 United Kingdom Ralph Bryans
4%
1978 | 1981 Spain Ricardo Tormo
4%
2000 Italy Roberto Locatelli
4%
1954 Austria Rupert Hollaus
4%
1982 | 1983 | 1984 | 1985 Switzerland Stefan Dörflinger
4%
1961 Australia Tom Phillis
4%
1953 | 1954 Germany Werner Haas
4%
1992 Italy Alessandro Gramigni
2%
1955 | 1956 United Kingdom Bill Lomas
2%
1949 | 1950 | 1951 Italy Bruno Ruffo
2%
1952 | 1957 United Kingdom Cecil Sandford
2%
1950 Italy Dario Ambrosini
2%
1962 Germany Ernst Degner
2%
1985 | 1987 Italy Fausto Gresini
2%
1957 Australia Keith Campbell
2%
No matching quizzes found
Score Distribution
Percent of People with Each Score
Percentile by Number Answered
Your Score History
You have not taken this quiz